LEADER 01763nam 2200481 450 001 9910466087903321 005 20200520144314.0 010 $a1-119-28491-0 010 $a1-119-28494-5 035 $a(CKB)3710000001363577 035 $a(MiAaPQ)EBC4855955 035 $a(DLC) 2017019346 035 $a(Au-PeEL)EBL4855955 035 $a(CaPaEBR)ebr11382594 035 $a(CaONFJC)MIL1009578 035 $a(OCoLC)987072360 035 $a(EXLCZ)993710000001363577 100 $a20170528h20172017 uy 0 101 0 $aeng 135 $aurcnu|||||||| 181 $2rdacontent 182 $2rdamedia 183 $2rdacarrier 200 10$aIntroduction to electrical circuit analysis /$fO?zgu?r Ergu?l 210 1$aHoboken, New Jersey :$cWiley,$d2017. 210 4$dİ2017 215 $a1 online resource (425 pages) $cillustrations 300 $aIncludes index. 311 $a1-119-28493-7 320 $aIncludes bibliographical references and index. 327 $aBasic tools : Kirchhoff's laws -- Analysis of resistive networks : nodal analysis -- Analysis of resistive networks : mesh analysis -- Black-box concept -- Transient analysis -- Steady-state analysis of time-harmonic circuits -- Selected components of modern circuits -- Practical technologies in modern circuits -- In the next steps -- Photographs of some circuit elements -- Exercise solutions. 606 $aElectric circuits 608 $aElectronic books. 615 0$aElectric circuits. 676 $a621.3815/48 700 $aErgu?l$b O?zgu?r$0936356 801 0$bMiAaPQ 801 1$bMiAaPQ 801 2$bMiAaPQ 906 $aBOOK 912 $a9910466087903321 996 $aIntroduction to electrical circuit analysis$92112522 997 $aUNINA LEADER 01604nam0 22003853i 450 001 VAN0263233 005 20240108031209.898 017 70$2N$a9783642515880 100 $a20230913d1984 |0itac50 ba 101 $aeng 102 $aDE 105 $a|||| ||||| 200 1 $aEvolutionary Dynamics of Genetic Diversity$eProceedings of a Symposium held in Manchester, England, March 29?30, 1983$fEdited by G. S. Mani 210 $aBerlin$cSpringer$d1984 215 $aviii, 318 p.$cill.$d24 cm 410 1$1001VAN0256120$12001 $aLecture Notes in Biomathematics$1210 $aBerlin$cSpringer$v53 606 $a92-XX$xBiology and other natural sciences [MSC 2020]$3VANC020839$2MF 610 $aCharles Darwin$9KW:K 610 $aDynamics$9KW:K 610 $aEnzymes$9KW:K 610 $aEvolution$9KW:K 610 $aGenes$9KW:K 610 $aInheritance$9KW:K 610 $aevolutionary significance$9KW:K 620 $dBerlin$3VANL000066 702 1$aMani$bG. S.$3VANV217620 712 $aSpringer $3VANV108073$4650 801 $aIT$bSOL$c20240614$gRICA 856 4 $uhttps://doi.org/10.1007/978-3-642-51588-0$zE-book ? Accesso al full-text attraverso riconoscimento IP di Ateneo, proxy e/o Shibboleth 899 $aBIBLIOTECA DEL DIPARTIMENTO DI MATEMATICA E FISICA$1IT-CE0120$2VAN08 912 $fN 912 $aVAN0263233 950 $aBIBLIOTECA DEL DIPARTIMENTO DI MATEMATICA E FISICA$d08CONS e-book 6610 $e08eMF6610 20230927 996 $aEvolutionary dynamics of genetic diversity$9383871 997 $aUNICAMPANIA